Les buteurs de l'Angleterre au Championnat d'Europe de football 2020 - Statistiques

Statistiques générales
  • Ce quiz a été pris 40 fois
  • Le résultat moyen est 8 sur 10
Statistiques - réponses
Match Minute Buteur % Correct
Angleterre - Allemagne 2-0 86' Harry Kane
100%
Ukraine - Angleterre 0-4 4' Harry Kane
100%
Ukraine - Angleterre 0-4 50' Harry Kane
100%
Angleterre - Danemark 2-1 (a.p.) 104' Harry Kane
100%
Ukraine - Angleterre 0-4 46' Harry Maguire
76%
Angleterre - Croatie 1-0 57' Raheem Sterling
68%
République Tchèque - Angleterre 0-1 12' Raheem Sterling
68%
Angleterre - Allemagne 2-0 75' Raheem Sterling
68%
Italie - Angleterre 1-1 (a.p.) (3-2 Tirs au but) 2' Luke Shaw
54%
Ukraine - Angleterre 0-4 53' Jordan Henderson
32%
Aucun quiz correspondant
Distribution des résultats
% des personnes avec chaque résultat
Percentile par nombre de réponses
Votre historique - résultats
Vous n’avez pas pris ce quiz